International Business: Environments and Operations (Record no. 3176)

000 -LEADER
fixed length control field 00642nam a22002177a 4500
003 - CONTROL NUMBER IDENTIFIER
control field OSt
005 - DATE AND TIME OF LATEST TRANSACTION
control field 20160906160611.0
008 - FIXED-LENGTH DATA ELEMENTS--GENERAL INFORMATION
fixed length control field 160726b xxu||||| |||| 00| 0 eng d
020 ## - INTERNATIONAL STANDARD BOOK NUMBER
International Standard Book Number 9780135001127
050 ## - LIBRARY OF CONGRESS CALL NUMBER
Classification number HD62.4. D36 2009
100 ## - MAIN ENTRY--PERSONAL NAME
Personal name Daniels, John D.
245 ## - TITLE STATEMENT
Title International Business: Environments and Operations
Statement of responsibility, etc John D. Daniels...[et al.]
250 ## - EDITION STATEMENT
Edition statement 12th ed.
260 ## - PUBLICATION, DISTRIBUTION, ETC. (IMPRINT)
Place of publication, distribution, etc Australia:
Name of publisher, distributor, etc Prentice Hall
Date of publication, distribution, etc c2009.
300 ## - PHYSICAL DESCRIPTION
Extent 902p.
Other physical details ill.
Dimensions 25cm
504 ## - BIBLIOGRAPHY, ETC. NOTE
Bibliography, etc Includes index.
650 ## - SUBJECT ADDED ENTRY--TOPICAL TERM
Topical term or geographic name as entry element International Business enterprises - Management
700 ## - ADDED ENTRY--PERSONAL NAME
Personal name Radebaugh, Lee H.
700 ## - ADDED ENTRY--PERSONAL NAME
Personal name Sullivan, Daniel P.
942 ## - ADDED ENTRY ELEMENTS (KOHA)
Source of classification or shelving scheme
Koha item type Book
Holdings
Withdrawn status Lost status Source of classification or shelving scheme Damaged status Not for loan Home library Current library Shelving location Date acquired Total Checkouts Full call number Barcode Date last seen Date checked out Copy number Price effective from Koha item type
          Riara University Library Riara University Library General stack 06/09/2016 1 HD62.4. D36 2009 7348/16 21/09/2018 21/09/2018 C.1 06/09/2016 Book

Riara University Library,
P.O. Box 49940-00100,
Nairobi, Kenya.